000 00381nam a2200145 i 4500
001 bg
100 1 _aNIEMCEWICZ, Leonard
245 0 _aLampy elektronowe :
_bDane techniczne i charakterystyki /
_cLeonard Niemcewicz.
250 _aWyd.2 popraw. i uzup.
260 _aWarszawa,
_c1971.
040 _cBPK
041 _apol
942 _cKS
008 s pl f |000 0 pol
999 _c9134
_d9134
856 _uhttp://koha.tu.koszalin.pl/cgi-bin/koha/opac-detail.pl?biblionumber=9134
_yKatalog online BPK